Countries with the Best Cuisine - Statistics

General Stats
  • This quiz has been taken 511 times
    77 since last reset
  • The average score is 16 of 20
Answer Stats
Rank Country Highly Rated Food % Correct
1 Italy Ravioli
99%
11 Mexico Quesadilla
97%
9 France Coq au vin
96%
8 China Jianbing
95%
6 Japan Karaage
93%
16 Vietnam Bánh xèo
92%
13 India Keema
88%
7 Turkey Sarma
88%
4 Portugal Bacalhau
86%
5 Spain Salmorejo
84%
17 Brazil Acarajé
81%
19 South Korea Bibimbap
79%
15 United States Gumbo
79%
14 Poland Klopsiki
75%
2 Greece Saganaki
73%
10 Indonesia Rendang
73%
3 Peru Ceviche
62%
18 Croatia Štrukli
45%
20 Lebanon Shish barak
41%
12 Serbia Komplet lepinja
40%
No matching quizzes found
Score Distribution
Percent of People with Each Score
Percentile by Number Answered
Your Score History
You have not taken this quiz since the last reset